01564nam a2200265 i 4500003000900000005001700009007000300026008004100029040003000070041001300100082001900113110006900132245005300201264006200254300002700316336002700343337003300370338002800403505064700431590002501078910001201103942001301115952015301128999001701281DO-SdBNP20260205074308.0ta260205b19-- dr ||||| |||| 00| 0 spa d aDO-SdBNPbspacBNPHUerda hspaaspa 4axxxbR426r2221 aRepública Dominicana. bSecretaría de Estado de Trabajo949110aReglamento sobre higiene y seguridad industrial  1aSanto Domingo :bSecretaria de Estado de Trabajo,c19--?. a47 páginas ;c22 cm. atextobtxt2rdacontent asin mediaciónbn2rdamedia avolumenbnc2rdacarrier aReglamento sobre higiene y seguridad industrial 2 -- De la higiene y industrial 6 -- Temperatura y humedad 12 -- Ruidos y vibraciones 12 -- Trabajos en minas, canteras, subterráneos, perforaciones, fosos, sótanos y silos 13 -- De la radioactividad 17 -- Carga y descarga de los buques en los puertos 17 -- Calderas 18 -- De los cilindros 21 -- De la higiene en los establecimientos de comercio y en las oficinas 23 -- Comités de higiene y seguridad industrial 25 -- De la seguridad industrial 26 -- Disposiciones generales 39 -- Selección y colocación de los trabajadores 42 -- Empleos de menores y mujeres 43 -- Primeros auxilio 43 aInventariado,2026/BT aBtavrez 2ddccLF2 00102ddc51708PD-FaBNPHUbBNPHUcCTd2026-02-05eDonado por Ilonka Nacidit Perdomol0oBNPHU F-PD R426rp2026-0713r2026-02-05w2026-02-05yLF2 c60228d60228